地下鉄別 文字数の多い駅名TOP3 - Statistics

General Stats
  • This quiz has been taken 150 times
  • The average score is 13 of 38
Answer Stats
Hint Answer % Correct
14 天神橋筋六丁目
59%
12 三宮・花時計前
57%
12 八木山動物公園
55%
11 伊勢佐木長者町
52%
14 四天王寺前夕陽ヶ丘
52%
11 板橋区役所前
50%
10 太秦天神川
50%
12 西新宿五丁目
48%
11 落合南長崎
45%
11 西中島南方
45%
11 国立競技場
44%
11 京都市役所前
44%
11 谷町九丁目
42%
11 新宿三丁目
38%
10 勾当台公園
36%
9 三条京阪
35%
11 大阪ビジネスパーク
35%
15 旧居留地・大丸前
35%
11 都筑ふれあいの丘
34%
13 瑞穂運動場東
34%
9 二条城前
34%
12 総合運動公園
34%
13 青葉通一番町
32%
13 熱田神宮伝馬町
32%
16 馬出九大病院前
29%
9 三ッ沢上町
27%
9 三ッ沢下町
27%
13 庄内緑地公園
26%
13 南郷13丁目
26%
13 南郷18丁目
24%
9 櫛田神社前
23%
10 大町西公園
22%
9 港南中央
22%
11 箱崎九大前
21%
10 長町一丁目
20%
9 千代県庁口
18%
13 北13条東
17%
9 薬院大通
12%
No matching quizzes found
Score Distribution
Percent of People with Each Score
Percentile by Number Answered
Your Score History
You have not taken this quiz